Enmascarados : (Record no. 190519)

MARC details
000 -LEADER
campo de control de longitud fija 00990nam a2200277 i 4500
001 - NÚMERO DE CONTROL
campo de control 190519
003 - IDENTIFICADOR DE NÚMERO DE CONTROL
campo de control ES-MaACL
005 - FECHA Y HORA DE LA ÚLTIMA TRANSACCIÓN
campo de control 20250728033653.0
008 - DATOS DE LONGITUD FIJA--INFORMACIÓN GENERAL
campo de control de longitud fija 210818s2017 sp o 001 0 spa d
020 ## - NÚMERO INTERNACIONAL ESTÁNDAR DEL LIBRO
Número Internacional Estándar del Libro 978-84-697-5018-6
080 ## - NÚMERO DE LA CLASIFICACIÓN DECIMAL UNIVERSAL
Número de la Clasificación Decimal Universal 77.035/.038
100 1# - ENTRADA PRINCIPAL--NOMBRE DE PERSONA
Nombre de persona Tresguerres, Javier.
9 (RLIN) 173312
245 10 - MENCIÓN DEL TÍTULO
Título Enmascarados :
Resto del título fotografías de Javier Tresguerres ; [prólogo, José Cereijo].
246 38 - FORMA VARIANTE DEL TITULO
Título propio/Titulo breve Masked
260 ## - PUBLICACIÓN, DISTRIBUCIÓN, ETC.
Lugar de publicación, distribución, etc. Madrid :
Nombre del editor, distribuidor, etc. Javier Tresguerres,
Fecha de publicación, distribución, etc. 2017.
300 ## - DESCRIPCIÓN FÍSICA
Extensión 178 p. :
Otras características físicas principalmente il. col., fot. ;
Dimensiones 30 cm.
600 14 - PUNTO DE ACCESO ADICIONAL DE MATERIA--NOMBRE DE PERSONA
Nombre de persona Tresguerres, Javier.
9 (RLIN) 173312
650 #7 - PUNTO DE ACCESO ADICIONAL DE MATERIA--TÉRMINO DE MATERIA
Término de materia o nombre geográfico como elemento de entrada Fotografía de desnudo
Fuente del encabezamiento o término embne
9 (RLIN) 12962
650 #4 - PUNTO DE ACCESO ADICIONAL DE MATERIA--TÉRMINO DE MATERIA
Término de materia o nombre geográfico como elemento de entrada Fotografía-
Subdivisión geográfica España.
9 (RLIN) 12950
650 #4 - PUNTO DE ACCESO ADICIONAL DE MATERIA--TÉRMINO DE MATERIA
Término de materia o nombre geográfico como elemento de entrada Fotografía-
Subdivisión cronológica S.XX.
9 (RLIN) 155849
700 1# - ENTRADA AGREGADA--NOMBRE PERSONAL
Nombre de persona Cereijo, José,
Fechas asociadas al nombre 1957-
9 (RLIN) 149727
852 4# - LOCALIZACIÓN
Ubicación ES-MaACL
Número de control de estantería A-14722
itemnumber 197697
Sublocalización o colección R.151908
Ubicación en estantería Depósito 1
Signatura antigua Olim: N-7722
Donativo/Legado Donación: Javier Tresguerres
903 ## - NOMBRE PERSONAL DE DONANTE
9 173312
a Tresguerres, Javier
e Donante
942 ## - ELEMENTOS DE ENTRADA SECUNDARIOS (KOHA)
Fuente del sistema de clasificación o colocación Clasificación decimal universal
Tipo de ítem Koha Libro impreso
Holdings
Estatus retirado Estado de pérdida Fuente del sistema de clasificación o colocación Estado de daño No para préstamo Biblioteca de origen Biblioteca actual Ubicación en estantería Fecha de adquisición Fuente de adquisición Total de préstamos Signatura topográfica completa Código de barras Visto por última vez Precio de reemplazo Tipo de ítem Koha
    Clasificación decimal universal     Biblioteca del Ateneo de Madrid Biblioteca del Ateneo de Madrid Depósito 1 18/08/2021 Donación   A-14722 1202636 23/02/2023 23/02/2023 Libro impreso